书目信息 |
| 题名: |
QGIS国土规划应用
|
|
| 作者: | 巴格达迪 , 马利特 , 泽里 编 ;陈长林 译 | |
| 分册: | ||
| 出版信息: | 北京 科学出版社 2020.10 |
|
| 页数: | 212页 | |
| 开本: | 24cm | |
| 丛书名: | QGIS遥感应用丛书 | |
| 单 册: | ||
| 中图分类: | TU98 | |
| 科图分类: | ||
| 主题词: | 国土规划--guo tu gui hua--遥感图象--影象处理软件 | |
| 电子资源: | ||
| ISBN: | 978-7-03-066225-5 | |
| 000 | 01489nam 2200337 450 | |
| 001 | CAL 0120203111965 | |
| 005 | 20201124095201.8 | |
| 010 | @a978-7-03-066225-5@dCNY118.00 | |
| 100 | @a20201124d2020 em y0chiy0120 ea | |
| 101 | 1 | @achi@cfre |
| 102 | @aCN@b110000 | |
| 105 | @aa a 000yy | |
| 106 | @ar | |
| 200 | 1 | @aQGIS国土规划应用@AQGIS guo tu gui hua ying yong@f(法) Nicolas Baghdadi, Clement Mallet, Mehrez Zribi编@g陈长林 ... [等] 译 |
| 210 | @a北京@c科学出版社@d2020.10 | |
| 215 | @a212页@c图@d24cm | |
| 225 | 2 | @aQGIS遥感应用丛书@AQGIS yao gan ying yong cong shu@v3 |
| 312 | @a英文题名取自封面 | |
| 314 | @aBaghdadi规范汉译姓: 巴格达迪 Mallet规范汉译姓: 马利特 Zribi规范汉译姓: 泽里 | |
| 320 | @a有书目 | |
| 330 | @a本书展示了QGIS在国土规划领域应用的案例, 包括全球土地利用效率估算、城市气候模拟、城市环境水池制图、风电场安装选址、生态系统服务评估、景观生物多样性影响评估等。本书详细介绍了每个应用案例的数据来源、方法和QGIS操作步骤, 为读者提供了使用QGIS解决实际应用问题的思路和方法。 | |
| 410 | 0 | @12001 @aQGIS遥感应用丛书@v3 |
| 510 | 1 | @aQgis and applications in territorial planning@zeng |
| 606 | 0 | @a国土规划@Aguo tu gui hua@x遥感图象@x影象处理软件 |
| 690 | @aTU98@v5 | |
| 701 | 1 | @a巴格达迪@Aba ge da di@g(Baghdadi, Nicolas)@4编 |
| 701 | 1 | @a马利特@Ama li te@g(Mallet, Clement)@4编 |
| 701 | 1 | @a泽里@Aze li@g(Zribi, Mehrez)@4编 |
| 702 | 0 | @a陈长林@Achen chang lin@4译 |
| 801 | 0 | @aCN@b人天书店@c20201124 |
| 905 | @aTSG@b0000309@dTU98@eB020@f1 | |
| QGIS国土规划应用/(法) Nicolas Baghdadi, Clement Mallet, Mehrez Zribi编/陈长林 ... [等] 译.-北京:科学出版社,2020.10 |
| 212页:图;24cm.-(QGIS遥感应用丛书;3) |
| ISBN 978-7-03-066225-5:CNY118.00 |
| 本书展示了QGIS在国土规划领域应用的案例, 包括全球土地利用效率估算、城市气候模拟、城市环境水池制图、风电场安装选址、生态系统服务评估、景观生物多样性影响评估等。本书详细介绍了每个应用案例的数据来源、方法和QGIS操作步骤, 为读者提供了使用QGIS解决实际应用问题的思路和方法。 |
| ● |
| 相关链接 |
|
|
|
正题名:QGIS国土规划应用
索取号:TU98/B020
 
预约/预借
| 序号 | 登录号 | 条形码 | 馆藏地/架位号 | 状态 | 备注 |
| 1 | 1537319 | 215373192 | 建筑库201/201建筑库 58排5列5层/ [索取号:TU98/B020] | 在馆 |